Curling
| Format: | Article |
|---|---|
| Language: | Slovak |
| ISSN: | 1336-9792 |
| Subjects: |
MARC
| LEADER | 00000nab a2200000 a 4500 | ||
|---|---|---|---|
| 001 | vtls008941117 | ||
| 003 | SK-MaSNL | ||
| 005 | 20260303070821.0 | ||
| 008 | 070131 2006 xo m 000 0 slo | ||
| 015 | |a SNBRB2007/01 | ||
| 038 | |a KEKMK | ||
| 040 | |a KEKMK |b slo |c KEKMK |e AACR2 | ||
| 041 | |a slo | ||
| 044 | |a xo |c SK | ||
| 080 | |a 796.962 |2 1997 | ||
| 245 | 0 | 0 | |a Curling |
| 650 | 0 | 7 | |a curling |2 kekmk |9 56839 |
| 773 | 0 | |t Skaut : časopis do stanu, klubovne i pod lavicu |g Roč.VII, č.10 december 2006, s18-19.. |x 1336-9792 | |
| 852 | |a KEKMK |b KIS3G | ||
| 958 | |a DB | ||
| 999 | |c 1757042 |d 1758972 | ||


